Província de Barcelona : mapa topogràfic : gener 2013 mapa topogràfic :
ISBN:
9788498036497
Publicado:
Barcelona :
Diputació de Barcelona. Àrea de Territori i Sostenibilitat. Oficina Tècnica de Cartografia i SIG Local ,
2012
Descripción Física:
1 mapa : col. : escala 1: 350000 ; 45 x 42 cm plegat a 10 x 8 cm
MARC
| LEADER | 00000nam a2200000Ia 4500 | ||
|---|---|---|---|
| 001 | 23745 | ||
| 008 | 160829s2012 xx 000 0 cat d | ||
| 020 | |a 9788498036497 | ||
| 080 | |a FU-62-32 | ||
| 110 | 1 | |a Barcelona (Catalunya : Província). |b Diputació |9 52408 | |
| 245 | |a Província de Barcelona : |b mapa topogràfic : |b gener 2013 | ||
| 250 | |a 4a ed. | ||
| 260 | |a Barcelona : |b Diputació de Barcelona. Àrea de Territori i Sostenibilitat. Oficina Tècnica de Cartografia i SIG Local, |c 2012 | ||
| 300 | |a 1 mapa : |b col. : |b escala 1: |b 350000 ; |c 45 x 42 cm plegat a 10 x 8 cm | ||
| 650 | |a Dibuix topogràfic |9 50342 | ||
| 651 | 0 | |a Barcelona (Catalunya : Província) |9 50918 | |
| 710 | 2 | |a Institut Cartogràfic de Catalunya |9 53041 | |
| 901 | |a Arxiu | ||
| 942 | |n 1 | ||
| 952 | |0 0 |1 0 |4 0 |6 FU6232 |7 1 |9 55974 |a Arxiu |b Arxiu |d 2016-12-01 |l 0 |o FU-62-32 |p 23745 |r 2016-12-01 00:00:00 |w 2016-12-01 |y ARXIU | ||
| 999 | |c 59847 |d 59847 | ||